000 01752nam a2200373 i 4500
999 _c65349
_d65349
001 768714001
003 CO-MdFUSB
005 20200306104712.0
007 ta
008 200203t2013 ck |||| |||| 00| 0 spa d
020 _a9781944586607
040 _aCO-MdFUSB
_bspa
_cCO-MdFUSB
_dCO-MdFUSBC
_erda
041 _aspa
_heng
082 _223
_a259
_bED23m
100 _aLeeman, Jonathan.
_eautor
240 _aChurch membership: how the world knows who represents Jesus
245 1 3 _aLa membresía de la iglesia :
_bcómo sabe el mundo quién representa a Jesús
_c/ Jonathan Leeman ; traducido por Xavier Pérez Patiño
264 1 _aColombia :
_bPoiema,
_c[2013]
264 4 _c© 2013
300 _a159 páginas
_c; 20 páginas
336 _2rdacontent
_atexto
_btxt
337 _2rdamedia
_asin mediación
_bn
338 _2rdacarrier
_avolumen
_bnc
490 1 _a9Marcas :
504 _aIncluye referencias bibliográficas (páginas 154-155)
505 _aNo hemos examinado los conceptos correctos. -- Principios neotestamentarios de la membresía. -- ¿Qué es una iglesia? ¿Qué significa ser miembro de una iglesia? -- ¿A qué se parecen una iglesia y sus miembros? -- ¿Cuáles son los requisitos de la membresía?(llegar a ser miembro) -- ¿ De qué maneras debería someterse el miembro a la iglesia? (ejercer de miembro). -- ¿Qué ocurre cuando los miembros no representan a Jesús? -- ¿Debería ser igual la membresía en todas partes. -- Conclusión: La membresía define el amor.
563 _aRústico
650 7 _9222
_aIglesias protestantes
653 _aMembresía
700 _92770
_aPatiño, Xavier P.
_etraductor
830 _a9Marcas :
_p Edificando iglesias sanas.
942 _cBK
945 _aJTF-925